000 00461nam a2200169 i 4500
001 21829
003 ES-MaACL
005 20231220204004.0
007 t|
008 021128s1971 sp ||||1| spa d
100 1 _aAleixandre, Vicente,
_d1898-1984
_919688
245 1 0 _aPoemas paradisiacos /
_cVicente Aleixandre.
260 _aBarcelona :
_bBarral,
_c1971.
300 _a215 p. ;
_c19 cm.
852 _aES-MaACL
_jC-40223
_bR.78946
999 _c21829
_d21829